[Event "Czech Open A 1-44"]
[Site "?"]
[Date "2013.07.27"]
[Round "9.17"]
[White "Potapov, Pavel"]
[Black "Stocek, Jiri"]
[Result "1/2-1/2"]
[LiveChessVersion "1.4.2"]
[BlackElo "2576"]
[WhiteElo "2460"]

1. e4 {[%clk 1:30:58]} d6 {[%clk 1:28:25]} 2. d4 {[%clk 1:31:14]} Nf6
{[%clk 1:28:35]} 3. Nc3 {[%clk 1:31:39]} g6 {[%clk 1:28:36]} 4. Be3
{[%clk 1:30:22]} a6 {[%clk 1:26:36]} 5. Qd2 {[%clk 1:30:25]} b5 {[%clk 1:22:04]}
6. Bd3 {[%clk 1:27:24]} Bb7 {[%clk 1:20:52]} 7. Nf3 {[%clk 1:19:15]} Nbd7
{[%clk 1:08:38]} 8. O-O {[%clk 1:12:25]} b4 {[%clk 1:02:29]} 9. Ne2
{[%clk 1:12:45]} Bxe4 {[%clk 0:54:49]} 10. Bxe4 {[%clk 1:10:53]} Nxe4
{[%clk 0:54:54]} 11. Qxb4 {[%clk 1:11:20]} Bg7 {[%clk 0:52:53]} 12. d5
{[%clk 1:09:48]} Nef6 {[%clk 0:52:28]} 13. c4 {[%clk 1:09:46]} O-O
{[%clk 0:44:33]} 14. Ned4 {[%clk 1:08:32]} e6 {[%clk 0:40:59]} 15. Nc6
{[%clk 1:00:36]} Qe8 {[%clk 0:41:10]} 16. Qa5 {[%clk 0:49:49]} Nb8
{[%clk 0:29:35]} 17. Qxc7 {[%clk 0:43:59]} Nxc6 {[%clk 0:28:22]} 18. dxc6
{[%clk 0:44:05]} Ne4 {[%clk 0:16:41]} 19. Qb7 {[%clk 0:40:35]} Qc8
{[%clk 0:16:01]} 20. Ng5 {[%clk 0:32:13]} Nxg5 {[%clk 0:13:19]} 21. Bxg5
{[%clk 0:32:08]} Rb8 {[%clk 0:13:18]} 22. Qd7 {[%clk 0:32:22]} f6
{[%clk 0:04:31]} 23. Bf4 {[%clk 0:31:02]} e5 {[%clk 0:04:01]} 24. Be3
{[%clk 0:31:13]} Rd8 {[%clk 0:03:14]} 25. Qxc8 {[%clk 0:28:59]} Rdxc8
{[%clk 0:03:37]} 26. b3 {[%clk 0:27:54]} Rxc6 {[%clk 0:03:26]} 27. Rfd1
{[%clk 0:26:22]} a5 {[%clk 0:03:41]} 28. g3 {[%clk 0:25:00]} a4 {[%clk 0:03:08]}
29. bxa4 {[%clk 0:23:10]} Ra8 {[%clk 0:02:53]} 30. Rab1 {[%clk 0:22:58]} Bf8
{[%clk 0:03:10]} 31. c5 {[%clk 0:14:56]} dxc5 {[%clk 0:03:05]} 32. Rd7
{[%clk 0:15:07]} c4 {[%clk 0:03:03]} 33. Rbb7 {[%clk 0:13:44]} c3
{[%clk 0:02:53]} 34. Kg2 {[%clk 0:13:28]} c2 {[%clk 0:02:27]} 35. Rbc7
{[%clk 0:13:03]} Rc8 {[%clk 0:02:27]} 36. Rxc8 {[%clk 0:13:01]} Rxc8
{[%clk 0:02:51]} 37. Bc1 {[%clk 0:13:29]} Rc4 {[%clk 0:02:42]} 38. Ra7
{[%clk 0:12:53]} Rc3 {[%clk 0:02:19]} 39. a5 {[%clk 0:10:07]} Ba3
{[%clk 0:00:48]} 40. Bxa3 {[%clk 0:40:36]} Rxa3 41. Rc7 {[%clk 0:40:59]} Rxa2
{[%clk 0:31:36]} 42. a6 {[%clk 0:41:03]} g5 {[%clk 0:25:42]} 43. g4
{[%clk 0:38:49]} h5 {[%clk 0:23:42]} 44. h3 {[%clk 0:36:00]} hxg4
{[%clk 0:22:12]} 45. hxg4 {[%clk 0:36:15]} Rxa6 {[%clk 0:22:38]} 46. Rxc2
{[%clk 0:36:41]} Kf7 {[%clk 0:23:01]} 47. f3 {[%clk 0:31:10]} Ke6
{[%clk 0:22:37]} 48. Rd2 {[%clk 0:31:07]} Ra3 {[%clk 0:22:31]} 49. Rb2
{[%clk 0:30:36]} e4 {[%clk 0:21:07]} 50. fxe4 {[%clk 0:28:39]} Ke5
{[%clk 0:21:12]} 51. Rf2 {[%clk 0:28:47]} Ra6 {[%clk 0:21:32]} 52. Rf5+
{[%clk 0:29:04]} Kxe4 {[%clk 0:21:52]} 53. Kg3 {[%clk 0:29:19]} Re6
{[%clk 0:22:06]} 54. Kg2 {[%clk 0:29:30]} Kd3 {[%clk 0:22:16]} 55. Kg3
{[%clk 0:29:36]} Ke2 {[%clk 0:21:32]} 56. Rf2+ {[%clk 0:29:40]} Ke1
{[%clk 0:21:55]} 57. Rf5 {[%clk 0:30:01]} Ke2 {[%clk 0:21:58]} 1/2-1/2

[Event "Czech Open A 1-44"]
[Site "?"]
[Date "2013.07.27"]
[Round "9.18"]
[White "Piorun, Kacper"]
[Black "Zorko, Jure"]
[Result "1/2-1/2"]
[LiveChessVersion "1.4.2"]
[BlackElo "2459"]
[WhiteElo "2566"]

1. d4 {[%clk 1:30:58]} Nf6 {[%clk 1:30:49]} 2. c4 {[%clk 1:31:25]} e6
{[%clk 1:31:12]} 3. Nc3 {[%clk 1:31:51]} Bb4 {[%clk 1:31:21]} 4. e3
{[%clk 1:32:16]} O-O {[%clk 1:30:50]} 5. Bd3 {[%clk 1:32:42]} d5 {[%clk 1:30:24]}
6. a3 {[%clk 1:32:56]} Bxc3+ {[%clk 1:22:00]} 7. bxc3 {[%clk 1:33:19]} c6
{[%clk 1:21:36]} 8. Ne2 {[%clk 1:33:26]} b6 {[%clk 1:20:39]} 9. O-O
{[%clk 1:33:22]} Ba6 {[%clk 1:19:21]} 10. cxd5 {[%clk 1:30:42]} Bxd3
{[%clk 1:18:01]} 11. Qxd3 {[%clk 1:31:07]} cxd5 {[%clk 1:18:02]} 12. f3
{[%clk 1:31:32]} Nbd7 {[%clk 1:04:02]} 13. Rd1 {[%clk 1:15:07]} Qc7
{[%clk 0:39:33]} 14. e4 {[%clk 1:13:58]} Qc6 {[%clk 0:35:10]} 15. e5
{[%clk 0:58:58]} Ne8 {[%clk 0:35:32]} 16. a4 {[%clk 0:59:20]} f6 {[%clk 0:32:36]}
17. Ba3 {[%clk 0:58:55]} Rf7 {[%clk 0:32:53]} 18. Qe3 {[%clk 0:51:45]} Nc7
{[%clk 0:20:01]} 19. exf6 {[%clk 0:43:50]} Rxf6 {[%clk 0:17:46]} 20. Nf4
{[%clk 0:43:29]} a5 {[%clk 0:08:59]} 21. Be7 {[%clk 0:39:23]} Rf5
{[%clk 0:07:53]} 22. g4 {[%clk 0:33:28]} Rf7 {[%clk 0:08:03]} 23. Bh4
{[%clk 0:33:54]} Re8 {[%clk 0:06:11]} 24. Nd3 {[%clk 0:33:09]} e5
{[%clk 0:04:54]} 25. dxe5 {[%clk 0:26:29]} Ne6 {[%clk 0:04:26]} 26. f4
{[%clk 0:26:13]} Nxf4 {[%clk 0:01:21]} 27. Nxf4 {[%clk 0:24:56]} Nxe5
{[%clk 0:01:27]} 28. Rd4 {[%clk 0:14:43]} Ng6 {[%clk 0:00:41]} 29. Qg3
{[%clk 0:14:08]} Nxh4 {[%clk 0:00:52]} 30. Qxh4 {[%clk 0:14:30]} Qxc3
{[%clk 0:01:09]} 31. Rad1 {[%clk 0:14:05]} Qe3+ {[%clk 0:01:26]} 32. Qf2
{[%clk 0:14:30]} Qxf2+ {[%clk 0:01:49]} 33. Kxf2 {[%clk 0:14:59]} g5
{[%clk 0:02:11]} 34. Rb1 {[%clk 0:13:15]} Re6 {[%clk 0:00:36]} 35. Rb5
{[%clk 0:13:07]} Ref6 {[%clk 0:00:35]} 36. Rdxd5 {[%clk 0:11:36]} Rxf4+
{[%clk 0:00:59]} 37. Kg3 {[%clk 0:12:03]} h6 {[%clk 0:00:37]} 38. Rxb6
{[%clk 0:12:21]} Rf3+ {[%clk 0:00:40]} 39. Kg2 {[%clk 0:12:46]} Rf2+
{[%clk 0:01:05]} 40. Kg1 {[%clk 0:43:12]} Rf1+ {[%clk 0:31:09]} 41. Kg2
{[%clk 0:43:36]} 1/2-1/2

[Event "Czech Open A 1-44"]
[Site "?"]
[Date "2013.07.27"]
[Round "9.22"]
[White "Rozum, Ivan"]
[Black "Kidambi, Sundararajan"]
[Result "1-0"]
[LiveChessVersion "1.4.2"]
[BlackElo "2435"]
[WhiteElo "2527"]

1. Nf3 {[%clk 1:30:57]} Nf6 {[%clk 1:30:29]} 2. c4 {[%clk 1:31:23]} c6
{[%clk 1:30:47]} 3. e3 {[%clk 1:30:22]} d5 {[%clk 1:31:08]} 4. Nc3
{[%clk 1:30:15]} g6 {[%clk 1:31:09]} 5. b4 {[%clk 1:27:35]} Bg7 {[%clk 1:29:08]}
6. Bb2 {[%clk 1:28:00]} O-O {[%clk 1:29:00]} 7. Be2 {[%clk 1:27:05]} Nbd7
{[%clk 1:24:11]} 8. cxd5 {[%clk 1:19:56]} Nxd5 {[%clk 1:22:34]} 9. Qb3
{[%clk 1:20:17]} N7f6 {[%clk 1:18:57]} 10. Nxd5 {[%clk 1:16:19]} cxd5
{[%clk 1:18:59]} 11. h3 {[%clk 1:16:18]} b6 {[%clk 1:11:50]} 12. O-O
{[%clk 1:15:37]} Bb7 {[%clk 1:11:23]} 13. Rfc1 {[%clk 1:14:09]} Ne4
{[%clk 1:06:06]} 14. Bxg7 {[%clk 1:09:15]} Kxg7 {[%clk 1:05:54]} 15. Bb5
{[%clk 1:07:28]} Qd6 {[%clk 1:03:10]} 16. Qb2+ {[%clk 1:03:53]} Nf6
{[%clk 1:01:09]} 17. Qe5 {[%clk 0:59:16]} Qxe5 {[%clk 0:54:05]} 18. Nxe5
{[%clk 0:58:58]} Rfc8 {[%clk 0:54:11]} 19. a4 {[%clk 0:55:39]} Rxc1+
{[%clk 0:42:32]} 20. Rxc1 {[%clk 0:56:05]} Rc8 {[%clk 0:42:58]} 21. Rxc8
{[%clk 0:53:23]} Bxc8 {[%clk 0:43:27]} 22. a5 {[%clk 0:47:56]} bxa5
{[%clk 0:41:25]} 23. bxa5 {[%clk 0:48:21]} a6 {[%clk 0:40:33]} 24. Bc6
{[%clk 0:46:48]} e6 {[%clk 0:38:26]} 25. d4 {[%clk 0:46:05]} Ne4 {[%clk 0:35:00]}
26. Nc4 {[%clk 0:37:36]} dxc4 {[%clk 0:26:24]} 27. Bxe4 {[%clk 0:38:02]} Kf6
{[%clk 0:24:49]} 28. Kf1 {[%clk 0:37:00]} e5 {[%clk 0:17:47]} 29. Ke2
{[%clk 0:37:20]} Ke6 {[%clk 0:14:04]} 30. Kd2 {[%clk 0:37:36]} exd4
{[%clk 0:09:42]} 31. exd4 {[%clk 0:38:02]} Kd6 {[%clk 0:08:06]} 32. Kc3
{[%clk 0:37:49]} f5 {[%clk 0:06:56]} 33. Ba8 {[%clk 0:36:02]} g5 {[%clk 0:05:19]}
34. g3 {[%clk 0:34:20]} f4 {[%clk 0:05:32]} 35. gxf4 {[%clk 0:34:31]} gxf4
{[%clk 0:05:58]} 36. h4 {[%clk 0:34:59]} h6 {[%clk 0:06:03]} 37. Kxc4
{[%clk 0:34:56]} Be6+ {[%clk 0:05:11]} 38. Kd3 {[%clk 0:33:39]} Bf5+
{[%clk 0:05:35]} 39. Kc3 {[%clk 0:33:31]} Bc8 {[%clk 0:05:03]} 40. Kc4
{[%clk 0:55:50]} Be6+ {[%clk 0:35:13]} 41. d5 {[%clk 0:56:02]} Bg4
{[%clk 0:25:03]} 42. Kd4 {[%clk 0:56:21]} Be2 {[%clk 0:25:05]} 43. Ke4
{[%clk 0:56:04]} f3 {[%clk 0:25:21]} 44. Bc6 {[%clk 0:56:15]} 1-0

[Event "Czech Open A 1-44"]
[Site "?"]
[Date "2013.07.27"]
[Round "9.23"]
[White "Stefansson, Hannes"]
[Black "Plischki, Sebastian"]
[Result "1-0"]
[LiveChessVersion "1.4.2"]
[BlackElo "2413"]
[WhiteElo "2522"]

1. d4 {[%clk 1:30:53]} d5 {[%clk 1:30:42]} 2. c4 {[%clk 1:31:04]} c6
{[%clk 1:31:04]} 3. cxd5 {[%clk 1:30:42]} cxd5 {[%clk 1:31:26]} 4. Bf4
{[%clk 1:30:53]} Nf6 {[%clk 1:29:28]} 5. Nc3 {[%clk 1:31:15]} Nc6
{[%clk 1:29:39]} 6. e3 {[%clk 1:31:33]} a6 {[%clk 1:29:36]} 7. Bd3
{[%clk 1:31:43]} Bg4 {[%clk 1:29:47]} 8. Nge2 {[%clk 1:31:56]} e6
{[%clk 1:29:59]} 9. O-O {[%clk 1:29:37]} Bd6 {[%clk 1:29:33]} 10. Bg5
{[%clk 1:28:36]} Bh5 {[%clk 1:27:14]} 11. h3 {[%clk 1:27:14]} Bg6
{[%clk 1:24:24]} 12. Rc1 {[%clk 1:26:56]} O-O {[%clk 1:23:20]} 13. Na4
{[%clk 1:25:44]} Rc8 {[%clk 1:15:15]} 14. a3 {[%clk 1:24:10]} Na5
{[%clk 1:07:32]} 15. Nc5 {[%clk 1:21:51]} Bxc5 {[%clk 1:05:55]} 16. dxc5
{[%clk 1:20:53]} Qe7 {[%clk 1:04:37]} 17. b4 {[%clk 1:15:04]} Bxd3
{[%clk 1:00:02]} 18. Qxd3 {[%clk 1:15:21]} Nc4 {[%clk 1:00:07]} 19. e4
{[%clk 1:14:34]} Rfd8 {[%clk 0:54:05]} 20. exd5 {[%clk 1:14:02]} Ne5
{[%clk 0:40:58]} 21. Qg3 {[%clk 1:13:01]} exd5 {[%clk 0:38:39]} 22. Nd4
{[%clk 1:13:00]} Ng6 {[%clk 0:36:46]} 23. Nf5 {[%clk 1:12:57]} Qd7
{[%clk 0:29:40]} 24. Bxf6 {[%clk 1:11:28]} gxf6 {[%clk 0:30:03]} 25. Nd6
{[%clk 1:11:12]} Rc6 {[%clk 0:30:26]} 26. Rfd1 {[%clk 1:10:35]} Rxd6
{[%clk 0:29:23]} 27. cxd6 {[%clk 1:10:57]} Qxd6 {[%clk 0:29:50]} 28. Rc8
{[%clk 1:09:34]} Kg7 {[%clk 0:28:48]} 29. Rxd8 {[%clk 1:09:59]} Qxd8
{[%clk 0:29:14]} 30. h4 {[%clk 1:09:33]} h5 {[%clk 0:24:05]} 31. Qf3
{[%clk 1:08:38]} 1-0

[Event "Czech Open A 1-44"]
[Site "?"]
[Date "2013.07.27"]
[Round "9.24"]
[White "Rojicek, Vojtech"]
[Black "Gretarsson, Hjoerrar Steinn"]
[Result "1/2-1/2"]
[LiveChessVersion "1.4.2"]
[BlackElo "2511"]
[WhiteElo "2413"]

1. d4 {[%clk 1:26:08]} Nf6 {[%clk 1:30:55]} 2. c4 {[%clk 1:26:31]} e6
{[%clk 1:31:21]} 3. Nc3 {[%clk 1:26:53]} Bb4 {[%clk 1:31:45]} 4. e3
{[%clk 1:27:15]} O-O {[%clk 1:32:10]} 5. Bd3 {[%clk 1:27:40]} d5 {[%clk 1:32:31]}
6. Nf3 {[%clk 1:27:58]} c5 {[%clk 1:32:58]} 7. O-O {[%clk 1:28:16]} dxc4
{[%clk 1:33:20]} 8. Bxc4 {[%clk 1:28:39]} Nbd7 {[%clk 1:33:40]} 9. Qe2
{[%clk 1:22:06]} a6 {[%clk 1:34:07]} 10. a3 {[%clk 1:19:23]} Ba5 {[%clk 1:32:43]}
11. Rd1 {[%clk 1:10:40]} b5 {[%clk 1:29:14]} 12. Ba2 {[%clk 1:08:18]} cxd4
{[%clk 1:24:35]} 13. exd4 {[%clk 1:07:58]} Bb7 {[%clk 1:23:36]} 14. Bg5
{[%clk 1:02:18]} Bxc3 {[%clk 1:18:05]} 15. bxc3 {[%clk 1:02:46]} Qc7
{[%clk 1:17:06]} 16. Rac1 {[%clk 1:00:45]} Bd5 {[%clk 1:13:35]} 17. Bb1
{[%clk 1:00:07]} Qb7 {[%clk 1:10:25]} 18. Re1 {[%clk 0:51:08]} Rfe8
{[%clk 1:03:13]} 19. Qd3 {[%clk 0:51:09]} h6 {[%clk 1:00:00]} 20. Bh4
{[%clk 0:50:55]} Bxf3 {[%clk 0:59:31]} 21. gxf3 {[%clk 0:51:19]} Rad8
{[%clk 0:56:55]} 22. f4 {[%clk 0:47:45]} Qd5 {[%clk 0:54:26]} 23. Re5
{[%clk 0:48:06]} Qb3 {[%clk 0:50:40]} 24. Kh1 {[%clk 0:40:44]} Rc8
{[%clk 0:44:07]} 25. Qg3 {[%clk 0:24:27]} Kh8 {[%clk 0:37:44]} 26. Rg1
{[%clk 0:19:38]} Rg8 {[%clk 0:37:43]} 27. Re3 {[%clk 0:20:03]} Qd5+
{[%clk 0:36:11]} 28. Rg2 {[%clk 0:20:25]} Nh5 {[%clk 0:32:53]} 29. Qf3
{[%clk 0:20:26]} Qxf3 {[%clk 0:32:24]} 30. Rxf3 {[%clk 0:20:54]} g6
{[%clk 0:31:22]} 31. Be7 {[%clk 0:20:25]} Nb6 {[%clk 0:25:27]} 32. Ba2
{[%clk 0:14:19]} Nc4 {[%clk 0:21:47]} 33. Bxc4 {[%clk 0:08:58]} Rxc4
{[%clk 0:19:13]} 34. f5 {[%clk 0:07:27]} gxf5 {[%clk 0:18:20]} 35. d5
{[%clk 0:04:54]} exd5 {[%clk 0:11:23]} 36. Rxf5 {[%clk 0:04:27]} Rxg2
{[%clk 0:09:15]} 37. Kxg2 {[%clk 0:04:45]} Nf4+ {[%clk 0:09:34]} 38. Kf3
{[%clk 0:03:06]} Ng6 {[%clk 0:09:02]} 39. Bf6+ {[%clk 0:02:55]} Kh7
{[%clk 0:08:42]} 40. Kg3 {[%clk 0:32:25]} Kg8 {[%clk 0:33:38]} 41. Rxd5
{[%clk 0:26:31]} Nf4 {[%clk 0:32:56]} 42. Rd8+ {[%clk 0:14:00]} Kh7
{[%clk 0:32:54]} 43. Be5 {[%clk 0:14:19]} Ne6 {[%clk 0:30:08]} 44. Ra8
{[%clk 0:08:18]} Ra4 {[%clk 0:16:01]} 45. Bd6 {[%clk 0:08:46]} a5
{[%clk 0:10:02]} 46. f3 {[%clk 0:07:49]} Rc4 {[%clk 0:08:39]} 47. Rxa5
{[%clk 0:06:01]} Rxc3 {[%clk 0:09:07]} 48. Bb4 {[%clk 0:06:25]} Rb3
{[%clk 0:08:16]} 49. Rxb5 {[%clk 0:06:34]} Nd4 {[%clk 0:08:35]} 50. Rc5
{[%clk 0:05:50]} Rxf3+ {[%clk 0:08:01]} 51. Kg2 {[%clk 0:06:15]} Rb3
{[%clk 0:07:58]} 52. Rc4 {[%clk 0:02:15]} 1/2-1/2

[Event "Czech Open A 1-44"]
[Site "?"]
[Date "2013.07.27"]
[Round "9.25"]
[White "Boros, Denes"]
[Black "Ponizil, Cyril"]
[Result "1-0"]
[LiveChessVersion "1.4.2"]
[BlackElo "2402"]
[WhiteElo "2504"]

1. e4 {[%clk 1:30:48]} c5 {[%clk 1:30:54]} 2. Nf3 {[%clk 1:31:07]} e6
{[%clk 1:31:21]} 3. g3 {[%clk 1:31:19]} Nf6 {[%clk 1:28:19]} 4. Qe2
{[%clk 1:29:54]} d5 {[%clk 1:28:02]} 5. exd5 {[%clk 1:30:00]} Nxd5
{[%clk 1:28:25]} 6. Bg2 {[%clk 1:30:24]} Be7 {[%clk 1:28:31]} 7. O-O
{[%clk 1:30:44]} O-O {[%clk 1:28:16]} 8. d4 {[%clk 1:30:27]} cxd4
{[%clk 1:25:53]} 9. Nxd4 {[%clk 1:29:11]} Nc6 {[%clk 1:25:11]} 10. Rd1
{[%clk 1:20:43]} Nxd4 {[%clk 1:25:11]} 11. Rxd4 {[%clk 1:21:08]} Bf6
{[%clk 1:25:14]} 12. Rd1 {[%clk 1:21:30]} Qc7 {[%clk 1:19:32]} 13. Na3
{[%clk 1:15:51]} a6 {[%clk 1:14:57]} 14. c4 {[%clk 1:13:42]} Ne7 {[%clk 1:14:05]}
15. Nc2 {[%clk 0:57:53]} Bd7 {[%clk 1:06:41]} 16. Bf4 {[%clk 0:57:30]} e5
{[%clk 1:05:43]} 17. Bd2 {[%clk 0:47:04]} Bc6 {[%clk 0:59:11]} 18. Bxc6
{[%clk 0:46:09]} bxc6 {[%clk 0:59:06]} 19. Bc3 {[%clk 0:44:49]} Nf5
{[%clk 0:57:22]} 20. Qf3 {[%clk 0:40:38]} Qc8 {[%clk 0:55:41]} 21. Nb4
{[%clk 0:39:42]} a5 {[%clk 0:51:49]} 22. Nxc6 {[%clk 0:39:06]} Re8
{[%clk 0:52:15]} 23. Qe4 {[%clk 0:33:45]} Nd4 {[%clk 0:49:41]} 24. Nxa5
{[%clk 0:29:55]} h5 {[%clk 0:49:38]} 25. Re1 {[%clk 0:24:14]} Qd7
{[%clk 0:44:26]} 26. h4 {[%clk 0:21:22]} Qh3 {[%clk 0:32:55]} 27. Nc6
{[%clk 0:19:23]} Rac8 {[%clk 0:32:25]} 28. Na5 {[%clk 0:17:56]} Ne6
{[%clk 0:26:00]} 29. Nb7 {[%clk 0:16:12]} Be7 {[%clk 0:23:33]} 30. Bxe5
{[%clk 0:15:42]} f5 {[%clk 0:17:30]} 31. Qd5 {[%clk 0:15:17]} f4 {[%clk 0:17:43]}
32. Bxf4 {[%clk 0:15:30]} Bb4 {[%clk 0:17:00]} 33. Re4 {[%clk 0:13:48]} 1-0

[Event "Czech Open A 1-44"]
[Site "?"]
[Date "2013.07.27"]
[Round "9.26"]
[White "Neverov, Valery"]
[Black "Westerberg, Jonathan"]
[Result "1-0"]
[LiveChessVersion "1.4.2"]
[BlackElo "2410"]
[WhiteElo "2492"]

1. d4 {[%clk 1:22:06]} Nf6 {[%clk 1:30:59]} 2. c4 {[%clk 1:22:30]} c5
{[%clk 1:31:24]} 3. d5 {[%clk 1:22:43]} b5 {[%clk 1:31:53]} 4. cxb5
{[%clk 1:23:09]} a6 {[%clk 1:32:19]} 5. bxa6 {[%clk 1:23:38]} g6 {[%clk 1:32:39]}
6. Nc3 {[%clk 1:24:06]} Bxa6 {[%clk 1:32:57]} 7. Nf3 {[%clk 1:23:31]} d6
{[%clk 1:33:17]} 8. g3 {[%clk 1:23:47]} Bg7 {[%clk 1:33:42]} 9. Bg2
{[%clk 1:24:12]} Nfd7 {[%clk 1:34:06]} 10. Qc2 {[%clk 1:18:07]} Nb6
{[%clk 1:34:23]} 11. Nd2 {[%clk 1:18:21]} O-O {[%clk 1:28:18]} 12. O-O
{[%clk 1:12:31]} N8d7 {[%clk 1:26:24]} 13. Re1 {[%clk 1:09:48]} Nc4
{[%clk 1:23:57]} 14. Nxc4 {[%clk 1:07:30]} Bxc4 {[%clk 1:24:24]} 15. b3
{[%clk 1:05:28]} Ba6 {[%clk 1:24:48]} 16. Bd2 {[%clk 1:01:40]} Qc7
{[%clk 1:20:37]} 17. Rab1 {[%clk 1:00:08]} Rfb8 {[%clk 1:20:20]} 18. h3
{[%clk 0:59:25]} Ra7 {[%clk 1:08:40]} 19. Kh2 {[%clk 0:52:19]} Qb7
{[%clk 0:50:43]} 20. a3 {[%clk 0:40:51]} Qa8 {[%clk 0:50:39]} 21. f4
{[%clk 0:38:30]} Bxc3 {[%clk 0:49:59]} 22. Bxc3 {[%clk 0:32:59]} Bb7
{[%clk 0:50:25]} 23. e4 {[%clk 0:31:40]} Rxa3 {[%clk 0:50:31]} 24. Ra1
{[%clk 0:31:57]} Bc8 {[%clk 0:48:37]} 25. e5 {[%clk 0:31:30]} Rxa1
{[%clk 0:48:06]} 26. Rxa1 {[%clk 0:22:51]} Qb7 {[%clk 0:48:32]} 27. exd6
{[%clk 0:20:20]} exd6 {[%clk 0:48:53]} 28. Re1 {[%clk 0:19:01]} Nf8
{[%clk 0:47:28]} 29. Re8 {[%clk 0:03:37]} Qxb3 {[%clk 0:27:42]} 30. Qxb3
{[%clk 0:03:00]} Rxb3 {[%clk 0:28:07]} 31. Bf6 {[%clk 0:03:22]} Bd7
{[%clk 0:28:27]} 32. Ra8 {[%clk 0:00:34]} Re3 {[%clk 0:27:41]} 33. Bf1
{[%clk 0:00:54]} Re8 {[%clk 0:25:02]} 34. Rxe8 {[%clk 0:01:03]} Bxe8
{[%clk 0:25:29]} 35. Be7 {[%clk 0:01:21]} Ba4 {[%clk 0:25:28]} 36. Bxd6
{[%clk 0:01:06]} Bb3 {[%clk 0:25:04]} 37. Bg2 {[%clk 0:01:21]} Nd7
{[%clk 0:25:25]} 38. Bc7 {[%clk 0:00:47]} Kg7 {[%clk 0:24:09]} 39. g4
{[%clk 0:00:37]} c4 {[%clk 0:24:32]} 40. Ba5 {[%clk 0:30:43]} f5 {[%clk 0:48:53]}
41. d6 {[%clk 0:28:57]} c3 {[%clk 0:40:24]} 42. Bxc3+ {[%clk 0:29:00]} Kf7
{[%clk 0:40:51]} 43. gxf5 {[%clk 0:28:46]} gxf5 {[%clk 0:41:20]} 44. Bc6
{[%clk 0:19:26]} Nb8 {[%clk 0:32:54]} 45. Bb5 {[%clk 0:18:59]} Be6
{[%clk 0:33:23]} 46. Kg3 {[%clk 0:18:38]} Bd7 {[%clk 0:33:34]} 47. Bc4+
{[%clk 0:13:59]} Kg6 {[%clk 0:29:19]} 48. Kf2 {[%clk 0:09:24]} Nc6
{[%clk 0:29:02]} 49. Ke3 {[%clk 0:08:55]} Nd8 {[%clk 0:28:28]} 50. Kd4
{[%clk 0:07:20]} Ne6+ {[%clk 0:28:29]} 51. Ke5 {[%clk 0:05:29]} Nd8
{[%clk 0:28:48]} 52. Bd4 {[%clk 0:02:58]} Nc6+ {[%clk 0:24:31]} 53. Kd5
{[%clk 0:03:21]} Kf7 {[%clk 0:22:27]} 54. Kc5+ {[%clk 0:03:03]} Ke8
{[%clk 0:20:31]} 55. Bf6 {[%clk 0:02:39]} Nb8 {[%clk 0:19:57]} 56. Kb6
{[%clk 0:02:16]} Ba4 {[%clk 0:18:52]} 57. Kc7 {[%clk 0:01:36]} Nd7
{[%clk 0:19:15]} 58. Bd4 {[%clk 0:01:58]} Nf8 {[%clk 0:19:32]} 59. Bg7
{[%clk 0:01:49]} Ng6 {[%clk 0:19:03]} 60. Bh6 {[%clk 0:01:51]} Nh4
{[%clk 0:09:57]} 61. Be6 {[%clk 0:01:33]} Bb5 {[%clk 0:10:24]} 62. Bg5
{[%clk 0:01:03]} Nf3 {[%clk 0:10:36]} 63. d7+ {[%clk 0:01:09]} Bxd7
{[%clk 0:11:01]} 64. Bxd7+ {[%clk 0:01:36]} Kf7 {[%clk 0:11:27]} 65. Bxf5
{[%clk 0:01:48]} Kg7 {[%clk 0:11:57]} 66. Kd6 {[%clk 0:01:30]} Nd4
{[%clk 0:11:31]} 67. Bd3 {[%clk 0:01:40]} Nf3 68. Ke7 {[%clk 0:01:13]} Kg8
{[%clk 0:11:31]} 69. Bf6 {[%clk 0:01:22]} h6 {[%clk 0:11:46]} 70. Bc3
{[%clk 0:01:16]} Ng1 {[%clk 0:11:54]} 71. Bc4+ {[%clk 0:01:16]} Kh7
{[%clk 0:12:21]} 72. Kf7 1-0

[Event "Czech Open A 1-44"]
[Site "?"]
[Date "2013.07.27"]
[Round "9.28"]
[White "Konguvel, Ponnuswamy"]
[Black "Idani, Pouya"]
[Result "0-1"]
[LiveChessVersion "1.4.2"]
[BlackElo "2476"]
[WhiteElo "2319"]

1. e4 {[%clk 1:30:57]} c5 {[%clk 1:30:03]} 2. Nf3 {[%clk 1:31:06]} d6
{[%clk 1:30:28]} 3. d4 {[%clk 1:31:19]} cxd4 {[%clk 1:30:53]} 4. Nxd4
{[%clk 1:31:45]} Nf6 {[%clk 1:31:18]} 5. Nc3 {[%clk 1:32:10]} a6 {[%clk 1:31:45]}
6. Bc4 {[%clk 1:30:47]} e6 {[%clk 1:32:09]} 7. Bb3 {[%clk 1:31:14]} b5
{[%clk 1:32:35]} 8. O-O {[%clk 1:31:23]} Be7 {[%clk 1:33:00]} 9. Qf3
{[%clk 1:31:39]} Qb6 {[%clk 1:33:26]} 10. Be3 {[%clk 1:31:25]} Qb7
{[%clk 1:33:50]} 11. Qg3 {[%clk 1:31:38]} O-O {[%clk 1:34:14]} 12. Bh6
{[%clk 1:29:51]} Ne8 {[%clk 1:34:38]} 13. Rad1 {[%clk 1:21:43]} Kh8
{[%clk 1:35:02]} 14. Bg5 {[%clk 1:21:53]} Bxg5 {[%clk 1:29:42]} 15. Qxg5
{[%clk 1:22:18]} Nf6 {[%clk 1:28:39]} 16. Qg3 {[%clk 1:11:57]} Qe7
{[%clk 1:24:48]} 17. Rfe1 {[%clk 1:05:40]} Bb7 {[%clk 1:14:06]} 18. Nd5
{[%clk 0:50:33]} Nxd5 {[%clk 1:14:19]} 19. exd5 {[%clk 0:50:28]} e5
{[%clk 1:14:37]} 20. f4 {[%clk 0:49:46]} f6 {[%clk 1:06:29]} 21. Ne6
{[%clk 0:46:55]} Rg8 {[%clk 1:05:21]} 22. fxe5 {[%clk 0:31:52]} fxe5
{[%clk 1:05:33]} 23. Qg5 {[%clk 0:21:41]} Re8 {[%clk 1:02:35]} 24. Qe3
{[%clk 0:17:15]} a5 {[%clk 0:51:11]} 25. a4 {[%clk 0:17:15]} bxa4
{[%clk 0:51:01]} 26. Bxa4 {[%clk 0:17:31]} Rc8 {[%clk 0:51:26]} 27. Qg5
{[%clk 0:11:02]} Qxg5 {[%clk 0:51:43]} 28. Nxg5 {[%clk 0:11:29]} Kg8
{[%clk 0:52:04]} 29. Rf1 {[%clk 0:11:48]} h6 {[%clk 0:49:45]} 30. Ne4
{[%clk 0:09:34]} Ra6 {[%clk 0:50:06]} 31. b3 {[%clk 0:05:28]} Rxc2
{[%clk 0:48:13]} 32. Rc1 {[%clk 0:05:55]} Rxc1 {[%clk 0:47:58]} 33. Rxc1
{[%clk 0:06:22]} Rb6 {[%clk 0:47:07]} 34. Rc7 {[%clk 0:01:54]} Bxd5
{[%clk 0:44:03]} 35. Nxd6 {[%clk 0:00:56]} Rxd6 {[%clk 0:36:55]} 36. Rc8+
{[%clk 0:01:25]} Kf7 {[%clk 0:37:11]} 37. Rxb8 {[%clk 0:01:53]} Be6
{[%clk 0:37:13]} 38. g3 {[%clk 0:00:46]} Rd1+ {[%clk 0:37:10]} 39. Kf2
{[%clk 0:01:03]} Rd2+ {[%clk 0:37:36]} 40. Ke3 {[%clk 0:31:24]} Rxh2
{[%clk 1:07:31]} 41. Rb5 {[%clk 0:31:45]} Kf6 {[%clk 1:07:36]} 42. Rxa5
{[%clk 0:32:06]} Rg2 {[%clk 1:07:44]} 43. Kf3 {[%clk 0:31:40]} Rb2
{[%clk 1:03:09]} 44. Ra6 {[%clk 0:31:14]} Kf7 {[%clk 1:03:16]} 45. Ra7+
{[%clk 0:21:37]} Kg8 {[%clk 1:03:39]} 46. Ra8+ {[%clk 0:21:01]} Kh7
{[%clk 1:04:02]} 47. Ra5 {[%clk 0:20:03]} Bxb3 {[%clk 1:03:16]} 48. Bc6
{[%clk 0:20:29]} Bd1+ {[%clk 1:01:44]} 49. Ke3 {[%clk 0:20:43]} Kg6
{[%clk 0:57:32]} 50. Be4+ {[%clk 0:09:20]} Kg5 {[%clk 0:57:56]} 51. Rxe5+
{[%clk 0:09:00]} Kg4 {[%clk 0:58:20]} 52. Re6 {[%clk 0:09:21]} Re2+
{[%clk 0:57:39]} 53. Kd3 {[%clk 0:09:16]} Kxg3 {[%clk 0:58:02]} 54. Rg6+
{[%clk 0:02:13]} Kf4 {[%clk 0:56:28]} 55. Rxg7 {[%clk 0:02:28]} Rxe4
{[%clk 0:56:20]} 56. Rf7+ {[%clk 0:02:55]} Ke5 {[%clk 0:56:45]} 57. Re7+
{[%clk 0:02:47]} Kf5 {[%clk 0:57:10]} 58. Rxe4 {[%clk 0:01:35]} Bc2+
{[%clk 0:57:35]} 59. Kxc2 {[%clk 0:02:01]} Kxe4 {[%clk 0:58:01]} 0-1